Riconosci il Pokémon - Quiz n°203 - Statistics

Statistiche generali
  • Questo quiz è stato fatto 2 volte
  • Il punteggio medio è 10 su 10
Statistiche sulle risposte
Indizio Risposta % Corretto
Peso 200 kg
100%
Altezza 2,0 m
100%
Tasso di cattura 3 (1.6%)
100%
Tipo Erba / Lotta
100%
Abilità Giustizia
100%
Tasso di allevamento Lento
100%
Stadio evoluzione Non si evolve
100%
Generazione Quinta
100%
Sesso Sconosciuto
100%
Pokémon Virizion
50%
Nessun quiz corrispondente trovato
Distribuzione punteggi
Percentuale di utenti per punteggio
Percentile per numero di risposta
I tuoi punteggi nel tempo
Non hai fatto questo quiz